A survey of Indian sculpture /

Saved in:
Bibliographic Details
Main Author: Saraswati, S. K. (Sarasi Kumar), 1906-
Format: Book
Language:English
Published: Calcutta : Firma K.L. Mukhopadhyay, 1957.
Edition:1st ed.
Subjects:
LEADER 00951nam a2200265 a 4500
001 c000164392
003 CARM
005 19890608000000.0
008 890317s1957 ii af b 001 0 eng d
019 1 |a 3254798  |5 LACONCORD2021 
035 |a (OCoLC)1053046  |5 LACONCORD2021 
040 |a ANL  |b eng  |c ANL  |d XNTU 
043 |a a-ii--- 
082 0 4 |a 730.954  |2 21 
100 1 |a Saraswati, S. K.  |q (Sarasi Kumar),  |d 1906- 
245 1 2 |a A survey of Indian sculpture /  |c S.K. Saraswati. 
250 |a 1st ed. 
260 |a Calcutta :  |b Firma K.L. Mukhopadhyay,  |c 1957. 
300 |a 207 p., xl p. of plates :  |b ill. ;  |c 25 cm. 
500 |a Includes index. 
504 |a Bibliography: p. [189]-193. 
650 0 |a Sculpture, Indic. 
852 8 |b CARM  |h A2:AO27E0  |i D05791  |p 0213092  |f BK 
999 f f |i f33149c5-055b-5722-b4b1-09b9f118df0d  |s 48c0eaac-0b13-5957-98a0-8491113219fa 
952 f f |p Can circulate  |a CAVAL  |b CAVAL  |c CAVAL  |d CARM 1 Store  |e D05791  |f A2:AO27E0  |h Other scheme  |i book  |m 0213092